Tous les clubs italiens ayant participés à l'Europa League - Statistiques

Statistiques générales
  • Ce quiz a été pris 39 fois
  • Le résultat moyen est 16 sur 23
Statistiques - réponses
Première participation Dernière participation Nombres de participations Clubs % Correct
1971-72 2026-27 14 AC Milan
100%
1972-73 2019-20 27 Inter Milan
100%
1971-72 2021-22 22 Napoli
100%
1971-72 2026-27 15 Juventus
97%
1973-74 2024-25 21 Lazio
97%
1975-76 2025-26 21 AS Roma
94%
1972-73 2016-17 16 Fiorentina
89%
1989-90 2023-24 5 Atalanta
86%
1972-73 2014-15 11 Torino
83%
1991-92 2009-10 2 Genoa
81%
1991-92 2006-07 11 Parme
78%
1997-98 2010-11 4 Sampdoria
78%
2005-06 2010-11 3 Palerme
75%
1971-72 2025-26 5 Bologne
72%
1972-73 1993-94 2 Cagliari
72%
1983-84 1987-88 2 Hellas Vérone
69%
2003-04 2012-13 9 Udinese
64%
2016-17 2016-17 1 Sassuolo
56%
2002-03 2002-03 1 Chievo
47%
2006-07 2006-07 1 Livourne
31%
1976-77 1976-77 1 Cesena
22%
1979-80 2003-04 2 Pérouse
11%
1978-79 1978-79 1 Vicence
11%
Aucun quiz correspondant
Distribution des résultats
% des personnes avec chaque résultat
Percentile par nombre de réponses
Votre historique - résultats
Vous n’avez pas pris ce quiz